| 000 | 00463nam a2200157 a 4500 | ||
|---|---|---|---|
| 001 | 3053 | ||
| 003 | CDMR | ||
| 005 | 20130724125911.0 | ||
| 008 | 130130s1971||||||||||||||||||||||||||||d | ||
| 040 |
_aCDMR _bcat _cCPC GIRONA |
||
| 100 | 1 |
_aPerich _qPerich, Jaime _9220 |
|
| 245 | 1 | 0 |
_aPerich-Match _cPerich ; prólogo de Juan de Sagarra ; introducción de Román Gubern |
| 260 |
_c1971 _bPenínsula _aBarcelona |
||
| 490 | 0 |
_aEdiciones de bolsillo _v140 |
|
| 942 |
_cMON _2udc |
||
| 999 |
_c3053 _d3053 |
||